All Germany's Premier League Players Ever - Statistics

General Stats
  • This quiz has been taken 82 times
  • The average score is 23 of 81
Answer Stats
# Year Team(s) Player % Correct
151 2020– Chelsea, Arsenal Kai Havertz
93%
221 2016–23, 2024– Manchester City İlkay Gündoğan
91%
184 2013–20 Arsenal Mesut Özil
86%
156 2011–18 Arsenal Per Mertesacker
85%
87 2020–22, 2023–25 Chelsea, Tottenham Timo Werner
85%
213 2018– Arsenal, Fulham Bernd Leno
84%
105 2006–10 Chelsea Michael Ballack
78%
90 2016–19 Manchester City Leroy Sané
76%
133 2017–22 Chelsea Antonio Rüdiger
74%
115 2014–18 Liverpool Emre Can
74%
322 2001–17 Chelsea, Middlesbrough, Stoke City, Leicester City Robert Huth
72%
102 2016–21 Arsenal Shkodran Mustafi
66%
148 2003–08, 2010–11 Arsenal Jens Lehmann
65%
228 2017–24 Brighton Pascal Groß
65%
60 2012–15 Arsenal Lukas Podolski
59%
18 2015–16 Manchester United Bastian Schweinsteiger
58%
56 1994–95, 1997–98 Tottenham Jürgen Klinsmann
55%
268 1998–2009 Newcastle United, Liverpool, Manchester City Dietmar Hamann
53%
68 2013–15, 2018–19 Chelsea, Fulham André Schürrle
51%
67 2022– Brentford Kevin Schade
50%
18 2024– West Ham Niclas Füllkrug
49%
25 2022– Manchester City Stefan Ortega
49%
11 2012–14, 2015–16 Arsenal, West Bromwich Albion Serge Gnabry
43%
136 2021– Brentford Vitaly Janelt
43%
30 2016–18, 2023–24 Liverpool, Newcastle United Loris Karius
41%
16 2010–11 Manchester City Jérôme Boateng
35%
21 2024– Brighton Brajan Gruda
32%
117 2000–05, 2010–11, 2012–13 Aston Villa, West Ham, Everton Thomas Hitzlsperger
32%
92 1999–2004 Middlesbrough, Liverpool, Tottenham Christian Ziege
30%
73 2020–23 Leeds United Robin Koch
30%
31 2022–24 West Ham Thilo Kehrer
30%
28 2022–23, 2024–25 Southampton Armel Bella-Kotchap
26%
6 2012–13 Chelsea Marko Marin
26%
46 2018–20 Crystal Palace Max Meyer
24%
67 2000–04 Liverpool, Blackburn Rovers Markus Babbel
22%
38 2012–15 Tottenham, Fulham Lewis Holtby
19%
116 1998–2004 Tottenham, Leicester City Steffen Freund
19%
60 1997–2000 Liverpool Karl-Heinz Riedle
18%
103 1993–96, 2000–02 Manchester City, Southampton Uwe Rösler
18%
74 2017–19 Huddersfield Town Christopher Schindler
15%
22 2022–23 Brighton Deniz Undav
15%
2 2024– Nottingham Forest Eric da Silva Moreira
15%
15 2023–24 Burnley Jordan Beyer
14%
9 2016–17 Leicester City Ron-Robert Zieler
14%
2 2017–18 Manchester City Lukas Nmecha
12%
125 2003–08 Fulham Moritz Volz
12%
32 2003–04 Manchester City Michael Tarnat
9%
28 2018–19 Huddersfield Town Erik Durm
8%
31 2019–20, 2021–22 Norwich City Lukas Rupp
8%
66 2012–14 Fulham Sascha Riether
8%
2 1999–2000 Sunderland Thomas Helmer
8%
20 2019–20, 2021–22 Norwich City Christoph Zimmermann
7%
24 2019–20 Norwich City Marco Stiepermann
7%
2 2017–18 Huddersfield Town Michael Hefele
7%
1 2019–20 Norwich City Ralf Fährmann
7%
38 1995–96 Manchester City Eike Immel
5%
20 1994–95 Manchester City Maurizio Gaudino
5%
12 1995–96 Manchester City Michael Frontzeck
5%
9 2019–20 Norwich City Moritz Leitner
5%
45 2014–17 Stoke City Philipp Wollscheid
5%
1 2020–21 Brighton Reda Khadra
5%
1 2017–18 Brighton Uwe Hünemeier
5%
4 1997–99 Arsenal Alberto Méndez
4%
8 2019–20 Norwich City Dennis Srbeny
4%
29 2011–15 Swansea City Gerhard Tremmel
4%
2 2013–14 Hull City Nick Proschwitz
4%
14 1992–94 Aston Villa Stefan Beinlich
4%
6 1999–2001 Arsenal Stefan Malz
4%
6 1993–94 Manchester City Steffen Karl
4%
52 2017–19 Huddersfield Town Chris Löwe
3%
28 2017–19 Huddersfield Town Collin Quaner
3%
16 2001–02 Bolton Wanderers Fredi Bobic
3%
22 2015–17 Sunderland Jan Kirchhoff
3%
9 1997–98 Barnsley Lars Leese
3%
5 2009–10 Portsmouth Lennard Sowah
3%
5 1992–94 Aston Villa Matthias Breitkreutz
3%
10 2008–09 West Ham Savio Nsereko
3%
17 2005–07 Blackburn Rovers Sergio Peter
3%
60 1998–2001 Derby County Stefan Schnoor
3%
2 2007–08 Everton Stefan Wessels
3%
16 2019–20 Norwich City Tom Trybull
3%
No matching quizzes found
Score Distribution
Percent of People with Each Score
Percentile by Number Answered
Your Score History
You have not taken this quiz